| 000 | 00000nam##2200000za#4500 |
| 001 | 9.573172 |
| 003 | CaOODSP |
| 005 | 20210624183556 |
| 007 | cr ||||||||||| |
| 008 | 150406|2005||||xxc|||||o f|0| 0 eng|d |
| 040 | |aCaOODSP|beng |
| 043 | |an-cn--- |
| 086 | 1 |aBT31-4/11-2005E-PDF |
| 110 | 1 |aCanada. |bTreasury Board. |
| 245 | 10|aRoyal Canadian Mounted Police departmental performance report for the period ending March 31, 2005 |h[electronic resource] |
| 260 | |aOttawa - Ontario : |bTreasury Board of Canada Secretariat |c[2005]. |
| 300 | |a127p.|bfigs., graphs, map, organization chart, tables, photographs |
| 490 | 1 |aPerformance report for the period ending March 31, 2005 |
| 590 | |a12-06-Supp|b2012-03-07 |
| 775 | 08|tRapport ministériel sur le rendement de la Gendarmerie royale du Canada pour la période se terminant le 31 mars 2005 |w(CaOODSP)9.603386 |
| 776 | 0#|tGendarmerie royale du Canada |w(CaOODSP)9.541891 |
| 776 | 0#|tRoyal Canadian Mounted Police |w(CaOODSP)9.541890 |
| 830 | #0|aPerformance report for the period ending March 31, 2005.|w(CaOODSP)9.506266 |
| 856 | 40|ahttp://publications.gc.ca|qPDF|s2.40 MB|uhttps://publications.gc.ca/collections/collection_2012/sct-tbs/BT31-4-11-2005-eng.pdf |